000 00475nam a2200205Ia 4500
003 0100
008 130303s9999 xx 000 0 und d
020 _a415180406
040 _cARRUPELIB
050 _aBF109F74A84 1999
245 4 _aThe Analytic Freud
245 _bPhilosophy and Psychoanalysis
260 _aLondon
260 _bRoutledge
260 _C1999
300 _axii
300 _b 320p. 24cm.
700 _aLevine , Michael P. (ed.)
942 0 0 _01
999 _c13779
_d13779